000 00237nam a22001097a 4500
003 OSt
005 20250901165807.0
008 250320b |||||||| |||| 00| 0 eng d
040 _cC
245 _aMAISHA YAIVIZA
_cOWINO EVANS
942 _2lcc
_cBK
999 _c9321
_d9321